Records du XV de France de rugby (10 premiers) - Joueurs en activité. - Statistiques

Statistiques générales
  • Ce quiz a été pris 1 444 fois
    39 depuis la dernière actualisation
  • Le résultat moyen est 14 sur 25
Statistiques - réponses
Joueurs % Correct
3 Antoine Dupont
100%
4 Thomas Ramos
100%
2 Louis Bielle-Biarrey
97%
3 Damian Penaud
93%
2 Romain Ntamack
90%
1 Julien Marchand
83%
4 Gaël Fickou
80%
2 Grégory Alldritt
80%
4 Charles Ollivon
77%
2 Matthieu Jalibert
73%
1 Cyril Baille
67%
1 Anthony Jelonch
63%
1 Peato Mauvaka
63%
2 Baptiste Serin
60%
1 Melvyn Jaminet
47%
1 Théo Attissogbe
40%
1 Baptiste Couilloud
37%
1 Romain Taofifénua
37%
1 Antoine Hastoy
30%
1 Gaëtan Barlot
30%
1 Virimi Vakatawa
27%
1 Teddy Thomas
20%
1 Jules Plisson
17%
1 Maxime Machenaud
17%
1 Rabah Slimani
17%
Aucun quiz correspondant
Distribution des résultats
% des personnes avec chaque résultat
Percentile par nombre de réponses
Votre historique - résultats
Vous n’avez pas pris ce quiz depuis la dernière actualisation